The psychology of health and health care : (Record no. 1706)
[ view plain ]
| 000 -LEADER | |
|---|---|
| fixed length control field | 00934cam a2200277 a 4500 |
| 003 - CONTROL NUMBER IDENTIFIER | |
| control field | CaOONL |
| 005 - DATE AND TIME OF LATEST TRANSACTION | |
| control field | 20210629112154.0 |
| 008 - FIXED-LENGTH DATA ELEMENTS--GENERAL INFORMATION | |
| fixed length control field | 000321s2001 onc b 001 0 eng d |
| 020 ## - INTERNATIONAL STANDARD BOOK NUMBER | |
| International Standard Book Number | 0130225290 |
| 040 ## - CATALOGING SOURCE | |
| Transcribing agency | CaOTU |
| 050 ## - LIBRARY OF CONGRESS CALL NUMBER | |
| Classification number | R726.7 |
| Item number | .P66 2001 |
| 090 ## - LOCALLY ASSIGNED LC-TYPE CALL NUMBER (OCLC); LOCAL CALL NUMBER (RLIN) | |
| Classification number (OCLC) (R) ; Classification number, CALL (RLIN) (NR) | R726.7 |
| Local cutter number (OCLC) ; Book number/undivided call number, CALL (RLIN) | .P66 2001 |
| 100 1# - MAIN ENTRY--PERSONAL NAME | |
| Personal name | Poole, Gary, |
| Dates associated with a name | 1950- |
| 245 14 - TITLE STATEMENT | |
| Title | The psychology of health and health care : |
| Remainder of title | a Canadian perspective / |
| Statement of responsibility, etc. | Gary Poole, Deborah Hunt Matheson, David N. Cox. |
| 260 ## - PUBLICATION, DISTRIBUTION, ETC. | |
| Place of publication, distribution, etc. | Toronto : |
| Name of publisher, distributor, etc. | Prentice Hall, |
| Date of publication, distribution, etc. | 2001. |
| 300 ## - PHYSICAL DESCRIPTION | |
| Extent | xii, 532 p. ; |
| Dimensions | 25 cm. |
| 504 ## - BIBLIOGRAPHY, ETC. NOTE | |
| Bibliography, etc. note | Includes bibliographical references (p. 473-525) and index. |
| 650 #0 - SUBJECT ADDED ENTRY--TOPICAL TERM | |
| Topical term or geographic name entry element | Clinical health psychology. |
| 650 #0 - SUBJECT ADDED ENTRY--TOPICAL TERM | |
| Topical term or geographic name entry element | Medicine and psychology. |
| 700 1# - ADDED ENTRY--PERSONAL NAME | |
| Personal name | Cox, David Neil, |
| Dates associated with a name | 1947- |
| 700 1# - ADDED ENTRY--PERSONAL NAME | |
| Personal name | Matheson, Deborah Hunt, |
| Dates associated with a name | 1966- |
| 942 ## - ADDED ENTRY ELEMENTS (KOHA) | |
| Source of classification or shelving scheme | |
| Koha item type | Book |
| Suppress in OPAC | JE |
| 945 ## - LOCAL PROCESSING INFORMATION (OCLC) | |
| a | R726.7.P66 2001 |
| i | 30020003462639 |
| l | 010101 |
| t | 00 |
| y | ABJ-1275 |
| Withdrawn status | Lost status | Source of classification or shelving scheme | Damaged status | Not for loan | Permanent Location | Current Location | Shelving location | Date acquired | Total Checkouts | Full call number | Barcode | Date last seen | Date last checked out | Price effective from | Koha item type | Public note |
|---|---|---|---|---|---|---|---|---|---|---|---|---|---|---|---|---|
| AU LIBRARY | AU LIBRARY | Open Shelf | 29.06.2021 | 1 | R726.7 .P66 2001 | 28000503 | 27.10.2023 | 17.10.2023 | 29.06.2021 | Book | JE |